000 00528nam a2200181Ia 4500
005 20250923145343.0
008 008 250917s9999 xx 000 0 eng d
037 _aTextual
040 _aDSWL
_beng
_cDSWL
041 _aeng
_2eng
084 _aW87:g, N64
_qDSWL
100 _aMiller, W.R.
_9834398
245 0 _aNonviolence: A christian interprative
_c by W.R. Miller
260 _aLondon
_bGeorge Allen & Unwin Ltd.
_c1964
300 _a380p.
942 _cTEXL
_hW87:g, N64
999 _c1450359
_d1450359